| 000 | 00463nam a2200169Ia 4500 | ||
|---|---|---|---|
| 003 | GCL | ||
| 008 | 140319s9999 xx 000 0 ara d | ||
| 040 |
_aGCL / _cGCL |
||
| 082 | 0 | 4 |
_a207.3 _bص م |
| 245 | 1 | 0 | _aمختصر من تفسير الامام الطبرى |
| 260 |
_a[S.N] : _bالهيئة المصرية العامة للكتاب ، _c1980 |
||
| 300 | _a1118 ص | ||
| 490 | _a | ||
| 650 | 0 | 4 | _aتفاسير |
| 650 | 0 | 4 | _aالقران |
| 942 |
_2ddc _cBK |
||
| 999 |
_c29524 _d29524 |
||